| 000 | 00866nam a22002057a 4500 | ||
|---|---|---|---|
| 999 |
_c18618 _d18618 |
||
| 003 | AR-CdUCM | ||
| 008 | 190514b ||||| |||| 00| 0 spa d | ||
| 040 |
_aMUNICIPALIDAD PROVINCIAL DEL CUSCO _cBIBLIOTECA MUNICIPAL DEL CUSCO |
||
| 082 |
_a300.084 / _bB26 |
||
| 100 |
_aBaskin, Marcos _939314 |
||
| 245 | _aLas ciencias sociales en el siglo XX / | ||
| 260 |
_aBuenos Aires : _bCartago, _c1965. |
||
| 300 |
_a153 páginas ; _bilustraciones, retrato, _c21 cm. |
||
| 505 | _aContenido: El hombre y la ciencia -- Las ciencias sociales y la práctica -- Las investigaciones desinteresadas a la defensa servil del régimen de explotación -- El triunfo de la ciencia progresista bajo el signo del marxismo - leninismo. | ||
| 650 |
_aCiencias Sociales _91096 |
||
| 650 |
_aMarxismo _924 |
||
| 650 |
_aLeninismo _9845 |
||
| 942 |
_2ddc _cLIBROS |
||
| 945 |
_aachl _d2019-05-14 |
||